000 00467nam a2200181Ia 4500
001 8273
005 20260306160557.0
008 260306t2014||||xx |||||||||||||| ||spa||
041 _aESP
082 _a370.1523
_bE18
100 _aEcheverrĂ­a Castro, Sonia Beatriz
_eAUT
245 0 _aAmbientes de aprendizaje y contexto de desarrollo social
260 _c2014
300 _a160 páginas :
_c24 cm.
650 _aGEN
654 _aCED
942 _cLIB
_dJUS
_fJUS
_2ddc
_n
999 _c8273
_d8273